| 000 | 00579cab a2200193 4500 | ||
|---|---|---|---|
| 001 | WB2641-03 | ||
| 008 | 090401t1990 xxu||||| |||| 00| 0 eng d | ||
| 035 | _a(Sirsi) u66845 | ||
| 041 | _aeng | ||
| 245 | _aCounty set to fight fair scheme | ||
| 260 | _c1990 | ||
| 350 | _a0 | ||
| 490 |
_aPlanning (for the Natural and Built Environment) _vno 890 12/10/90 p5 |
||
| 520 | _aA scheme for a second runway at Luton airport or Thurleigh airfield is opposed by Bedford CC. | ||
| 650 | _aTRANSPORT | ||
| 690 | _aPROPERTY-COMMERCIAL PROPERTY | ||
| 942 | _n0 | ||
| 948 | _c04/03/1997 | ||
| 999 |
_c41773 _d41773 |
||